| 000 | 01224cab a2200313 4500 | ||
|---|---|---|---|
| 001 | WB3109-23 | ||
| 008 | 090401t1995 xxu||||| |||| 00| 0 eng d | ||
| 035 | _a(Sirsi) u15497 | ||
| 041 | _aeng | ||
| 245 | _aParty wall: surveyor`s award | ||
| 260 | _c1995 | ||
| 350 | _a0 | ||
| 490 |
_aEstates Gazette Case Summaries _v(1995) EGCS 25(1) (25/2/95) |
||
| 520 | _a"Chartered Society of Physiotherapy v Simmonds Church Smiles" ORB 24 January 1995. After a party wall was demolished and reconstructed the respondents claimed settlement and damage, which was confirmed by a third surveyor, to whom the matter was referred. The appeal against his award was transferred to the OR to decide the court`s jurisdiction and if new evidence can be given. London Building Acts (Amendment) Act 1939 s55. | ||
| 650 | _aADJOINING BUILDINGS | ||
| 650 | _aAWARD | ||
| 650 | _aCOUNTY COURT | ||
| 650 | _aDAMAGE | ||
| 650 | _aDISPUTE | ||
| 650 | _aHIGH COURT | ||
| 650 | _aJURISDICTION | ||
| 650 | _aLONDON BUILDING ACT (AMENDMENT) ACT 1939 S55 | ||
| 650 |
_aParty walls _96258 |
||
| 650 | _aRECONSTRUCTION | ||
| 650 | _aSETTLEMENT | ||
| 690 | _aHIGHWAYS AND RIGHTS OF WAY-CASE LAW | ||
| 942 | _n0 | ||
| 948 | _c04/03/1997 | ||
| 999 |
_c10170 _d10170 |
||